Fenómenos de transporte / (Record no. 33559)

MARC details
000 -LEADER
campo de control de longitud fija 00642nam a2200193 i 4500
001 - NÚMERO DE CONTROL
campo de control 33559
003 - IDENTIFICADOR DE NÚMERO DE CONTROL
campo de control ES-MaACL
005 - FECHA Y HORA DE LA ÚLTIMA TRANSACCIÓN
campo de control 20230906154758.0
007 - CAMPO FIJO DE DESCRIPCIÓN FÍSICA--INFORMACIÓN GENERAL
campo de control de longitud fija t|
008 - DATOS DE LONGITUD FIJA--INFORMACIÓN GENERAL
campo de control de longitud fija 030202s1964 sp ||||1| spa d
100 1# - ENTRADA PRINCIPAL--NOMBRE DE PERSONA
Nombre de persona Bird, R. Byron.
9 (RLIN) 28966
245 10 - MENCIÓN DEL TÍTULO
Título Fenómenos de transporte /
Mención de responsabilidad, etc. R. Byron Bird, Warren E. Stewart, Edwin W. Lightfoot ; [versión Fidel Mato Vázquez].
260 ## - PUBLICACIÓN, DISTRIBUCIÓN, ETC.
Lugar de publicación, distribución, etc. Barcelona, etc. :
Nombre del editor, distribuidor, etc. Reverte,
Fecha de publicación, distribución, etc. 1964.
300 ## - DESCRIPCIÓN FÍSICA
Extensión XX, 22-30, A-71 p. :
Otras características físicas il. ;
Dimensiones 22 cm.
700 1# - ENTRADA AGREGADA--NOMBRE PERSONAL
Nombre de persona Stewart, Warren E.
9 (RLIN) 108194
700 1# - ENTRADA AGREGADA--NOMBRE PERSONAL
Nombre de persona Lightfoot, Edwin W.
9 (RLIN) 72270
700 1# - ENTRADA AGREGADA--NOMBRE PERSONAL
Nombre de persona Mato Vázquez, Fidel.
9 (RLIN) 79089
852 ## - LOCALIZACIÓN
Ubicación ES-MaACL
Número de control de estantería G-764
Sublocalización o colección R.56183
Holdings
Estatus retirado Estado de pérdida Estado de daño No para préstamo Biblioteca de origen Biblioteca actual Ubicación en estantería Fecha de adquisición Fuente de adquisición Total de préstamos Signatura topográfica completa Código de barras Visto por última vez Precio de reemplazo Tipo de ítem Koha
        Biblioteca del Ateneo de Madrid Biblioteca del Ateneo de Madrid Depósito 2 17/01/2008     G-764 1034921 23/02/2023 23/02/2023 Libro impreso